00294 a2200133 450000100060000002000150000604000240002110000200004524000270006524500220009230000060011436200090012065000310012945370 a8504007073 cAnchieta - Aquarius aMurray, Roseana10aO mar e os sonhoslpor10aO mar e os sonhos a 0 a2004 4aLiteratura infanto-juvenil